000 00374nam a2200133Ia 4500
008 100328s9999 xx 000 0 und d
082 _b57316
100 _aआचार्य नयना
245 _aघेतवे व्रत
260 _bमंगलदीप
630 _aघेतवे व्रत
730 _aघेतवे व्रत
942 _cBOOK
999 _c543775
_d543772